banner-ar

THE HORN OF AFRICA: POLITICS AND INTERNATIONAL RELATIONS / (Record no. 14084)

MARC details
000 -الفاتح
حقل البيانات ثابتة الطول 00674nam a2200217Ia 4500
008 - عناصر البيانات ثابتة الطول - معلومات عامة
حقل البيانات ثابتة الطول 140319s9999 xx 000 0 eng d
040 ## - مصدر الفهرسة
وكالة الفهرسة الأصلية GCL /
وكالة النسخ GCL
082 04 - رقم تصنيف ديوى العشرى
رقم التصنيف 963
رقم المادة W P
100 1# - المدخل الرئيسى - إسم شخصى
الإسم الشخصى WOODWARD, PETER
245 10 - بيان العنوان
العنوان THE HORN OF AFRICA: POLITICS AND INTERNATIONAL RELATIONS /
بيان المسئوليه,etc WOODWARD, PETER
260 ## - PUBLICATION, DISTRIBUTION, ETC. (IMPRINT)
تاريخ النشر أو التوزيع 1996
300 ## - الوصف المادى
التعداد 226 P
650 04 - المدخل الاضافى بالموضوع-مصطلح موضوعى
مصطلح موضوعي SUDAN - HISTORY - CIVIL WAR
650 04 - المدخل الاضافى بالموضوع-مصطلح موضوعى
مصطلح موضوعي SOMALI - POLITICS AND GOVERNMENT
650 04 - المدخل الاضافى بالموضوع-مصطلح موضوعى
مصطلح موضوعي SUDAN - POLITICS AND GOVERNMENT
650 04 - المدخل الاضافى بالموضوع-مصطلح موضوعى
مصطلح موضوعي ETHIOPIA - REVOLUTION, 1974
650 04 - المدخل الاضافى بالموضوع-مصطلح موضوعى
مصطلح موضوعي ERITREA - HISTORY
650 04 - المدخل الاضافى بالموضوع-مصطلح موضوعى
مصطلح موضوعي ERITREA - POLITICS AND GOVERNMENT
942 ## - عناصر المدخل الإضافي( كوها)
مصدر التصنيف او مخطط الترفيف Dewey Decimal Classification
Koha [default] item type كتاب
260 ## - PUBLICATION, DISTRIBUTION, ETC. (IMPRINT)
-- [S.N] :
-- I.B. TAURIS & CO LTD ،
Holdings
حالة التراجع حالة الفقد حالة تلف ليس للاعارة المكان المؤقت الموقع الحالى تاريخ الاكتساب اجمالي اﻻعارات رقم الطلب الباركود تاريخ اخر مشاهدة تاريخ تفعيل السعر نوع وعاء كوها
        مكتبة القاهرة الكبرى مكتبة القاهرة الكبرى 03/26/2014   963\W P 26547 03/26/2014 03/26/2014 كتاب

Powered By

EGPV